| 000 | 00678nam a2200217 i 4500 | ||
|---|---|---|---|
| 001 | 128307 | ||
| 003 | ES-MaACL | ||
| 005 | 20230906193228.0 | ||
| 007 | t| | ||
| 008 | 070629s1969 sp ||||1| spa d | ||
| 080 | _a003.341.034 | ||
| 100 | 1 |
_aGaliano, Manuel F. _953402 |
|
| 245 | 1 | 3 |
_aLa transcripción castellana de los nombres propios griegos / _cManuel F. Galiano. |
| 250 | _a2º ed. | ||
| 260 |
_aMadrid : _bSociedad Española de Estudios Clásicos, _c1969. |
||
| 300 |
_a157 p. ; _c25 cm. |
||
| 500 | _aBiblioteca Jacinto Martínez Lacalle. | ||
| 500 | _aIndice. | ||
| 650 | 1 | 4 |
_aLengua griega- _xTransliteración. _914251 |
| 852 |
_aES-MaACL _jE-11783 _bR.139771 |
||
| 999 |
_c128307 _d128307 |
||